Kariera trenerska Sir Alexa Fergusona. - Statystyki

Ogólne statystyki
  • Ten quiz został rozwiązany 75 razy
  • Średni wynik to 2 z 5
Statystyki odpowiedzi
Lata Drużyna % Poprawnych
1986-2013 Manchester United
100%
1978-1986 Aberdeen
40%
1985-1986 Szkocja
34%
1975-1978 St Mirren
9%
1974-1975 East Stirlingshire
1%
Nie znaleziono quizów pasujących do podanych kryteriów
Rozkład punktacji
Procent ludzi z każdym wynikiem
Percentyl według liczby udzielonych odpowiedzi
Twoja historia wyników
Nie rozwiązałeś tego quizu